01662nam a2200241Ia 4500001000400000008004100004010000800045041001400053082002000067245011600087260001800203300000700221520000700228630001600235630001300251630001600264630002000280650002500300700003300325700003800358700004200396520098200438959241029s9999 xx 000 0 und d a879 aEspañol aTPG MCE-06 2007 0aPropuesta de postgrado especialidad en paisajismo en la esfera del diseño de interiores en la Univesidad APEC aSanto Domingo a39 a18 aCurrículo aDiseño aFormación aInvestigación aPrograma de Estudios easesoraPérez, Olga Lidida eautoraVillanueva Melo, Madeleine easesoraÁlvarez García, Joaquin aLa investigación tuvo como propósito elaborar una propuesta de diseño curricular de una Especialidad en Paisajismo para los profesionales que laboran en la esfera del Diseño de Interiores.  Los métodos utilizados para la investigación fueron  los métodos del nivel teórico del conocimiento y los métodos del nivel empírico. La propuesta de postgrado en modalidad Especialidad en Paisajismo, intenta ser respuesta a este tipo formación, donde la investigación es el vínculo transformador de la sociedad, es el recurso para actualizarse y producir conocimientos.  Ella logra un impacto social que contribuya al desarrollo sostenible de la sociedad Dominicana en particular, en correspondencia con los desafíos y las exigencias de la globalización de la economía y la integración latinoamericana.  Se recomienda a los egresados que realicen un curso de nivelación en Diseño por Ordenador (CAD) como modalidad prelativa de la especialidad.